[Event "XI Miedzynarodowy Festiwal Szachowy KOLO"]
[Site "KOLOBRZEG - Gimnazjum nr 3 - u"]
[Date "2010.??.??"]
[Round "7.4"]
[White "Zielinski, Wojciech"]
[Black "Bukowska, Katarzyna"]
[Result "1-0"]
[WhiteElo "2008"]
[BlackElo "2002"]
[PlyCount "105"]
[EventDate "2010.??.??"]

1. e3 d5 2. c4 e6 3. Nf3 Nf6 4. Nc3 Be7 5. b3 O-O 6. Bb2 c5 7. cxd5 exd5 8. d4
Nc6 9. Be2 Bf5 10. O-O Rc8 11. dxc5 Bxc5 12. Rc1 Bb6 13. Nb5 Ne4 14. Nbd4 Bg6
15. Nxc6 bxc6 16. Ne5 Qd6 17. Nxg6 hxg6 18. Qd3 Rfe8 19. g3 Qe6 20. Bf3 Qf5 21.
Qe2 Qg5 22. Rc2 d4 23. Bxe4 Rxe4 24. Qf3 Qf5 25. Qxf5 gxf5 26. Bxd4 Bxd4 27.
exd4 Rxd4 28. Rfc1 Rd6 29. Rc5 Rd2 30. a4 Rb2 31. Rxc6 Rxc6 32. Rxc6 Rxb3 33.
Rc8+ Kh7 34. Rc7 Kg6 35. Rxa7 Ra3 36. Kg2 Kf6 37. h4 Kg6 38. a5 f6 39. a6 Kh6
40. Ra8 Kg6 41. a7 Kf7 42. h5 Ra2 43. h6 Kg6 44. Rg8 Rxa7 45. Rxg7+ Rxg7 46.
hxg7 Kxg7 47. Kf3 Kh6 48. Kf4 Kg6 49. f3 Kg7 50. Kxf5 Kf7 51. f4 Kg7 52. Ke6
Kg6 53. g4 1-0

[Event "XI Miedzynarodowy Festiwal Szachowy KOLO"]
[Site "KOLOBRZEG - Gimnazjum nr 3 - u"]
[Date "2010.??.??"]
[Round "7.5"]
[White "Chmiel, Piotr"]
[Black "Walczak, Krystian"]
[Result "0-1"]
[WhiteElo "1944"]
[BlackElo "1963"]
[PlyCount "100"]
[EventDate "2010.??.??"]

1. e4 c5 2. Nf3 d6 3. c3 Nf6 4. Be2 g6 5. O-O Bg7 6. Re1 O-O 7. d3 Bg4 8. Nbd2
Nc6 9. h3 Bxf3 10. Nxf3 d5 11. e5 Nd7 12. d4 cxd4 13. cxd4 Rc8 14. Be3 Nb6 15.
Rc1 Qd7 16. Qd2 f6 17. exf6 exf6 18. b3 a6 19. Rc5 Rfe8 20. Rec1 Bf8 21. Rd1
Bxc5 22. dxc5 Na8 23. Qxd5+ Qxd5 24. Rxd5 Rcd8 25. Rxd8 Rxd8 26. a3 Nc7 27. Bf4
Nb5 28. a4 Nc3 29. Bc4+ Kg7 30. Kh2 Ne4 31. Bc7 Rd1 32. Bb6 g5 33. Be6 Rc1 34.
Bc8 Nxc5 35. Bxc5 Rxc5 36. Bxb7 a5 37. Ba6 Rc3 38. Bc4 Ne5 39. Nxe5 fxe5 40. f3
Kf6 41. Kg1 h5 42. Kf2 Rc2+ 43. Kf1 h4 44. Kg1 Rd2 45. Kh2 Kf5 46. Bg8 Kf4 47.
Be6 Ke3 48. Bf5 Rb2 49. Be6 Kf2 50. Bd5 Rb1 0-1

[Event "XI Miedzynarodowy Festiwal Szachowy KOLO"]
[Site "KOLOBRZEG - Gimnazjum nr 3 - u"]
[Date "2010.??.??"]
[Round "7.6"]
[White "Krainski, Slawomir"]
[Black "Lada, Damian"]
[Result "1-0"]
[WhiteElo "2120"]
[BlackElo "1594"]
[PlyCount "33"]
[EventDate "2010.??.??"]

1. e4 d6 2. d4 Nf6 3. Nc3 g6 4. h3 Bg7 5. Nf3 Nbd7 6. e5 dxe5 7. dxe5 Ng8 8.
Bf4 e6 9. Qd2 a6 10. O-O-O Ne7 11. Ne4 Nc6 12. Bg5 Ne7 13. Nf6+ Bxf6 14. Bxf6
Rf8 15. Ng5 b6 16. Nxh7 Rg8 17. Bg5 1-0

[Event "XI Miedzynarodowy Festiwal Szachowy KOLO"]
[Site "KOLOBRZEG - Gimnazjum nr 3 - u"]
[Date "2010.??.??"]
[Round "7.7"]
[White "Kramer, Norbert"]
[Black "Pilat, Wieslaw"]
[Result "1/2-1/2"]
[WhiteElo "1812"]
[BlackElo "2004"]
[PlyCount "93"]
[EventDate "2010.??.??"]

1. Nf3 e6 2. d4 d5 3. e3 c5 4. c3 Nc6 5. Bd3 Bd7 6. Nbd2 c4 7. Bc2 f5 8. Ne5
Nf6 9. f4 Be7 10. O-O Nxe5 11. fxe5 Ng4 12. Rf3 O-O 13. Nf1 h5 14. Ng3 h4 15.
Ne2 Qe8 16. Bd2 g5 17. Qf1 Qh5 18. Bd1 Kg7 19. Kh1 Nh6 20. Ng1 g4 21. Rf2 Nf7
22. Nh3 Qh7 23. Nf4 Ng5 24. Bc2 g3 25. Re2 gxh2 26. Kxh2 Ne4 27. Bxe4 fxe4 28.
Rf2 Rf5 29. Qe2 Rg8 30. Raf1 Kh8 31. Nh3 Rgf8 32. Rf4 Be8 33. Be1 Bh5 34. Qf2
Rxf4 35. Nxf4 Bg4 36. Qg1 Qh6 37. Rf2 Kg7 38. Qf1 Rf5 39. Bd2 Bg5 40. Kg1 Bxf4
41. Rxf4 Rxf4 42. Qxf4 Qxf4 43. exf4 Kg6 44. Kf2 Kf5 45. Ke3 Bd1 46. Be1 Kg4
47. Bf2 1/2-1/2

[Event "XI Miedzynarodowy Festiwal Szachowy KOLO"]
[Site "KOLOBRZEG - Gimnazjum nr 3 - u"]
[Date "2010.??.??"]
[Round "7.8"]
[White "Jewulski, Krzysztof"]
[Black "Kuznicki, Cyprian"]
[Result "1/2-1/2"]
[WhiteElo "2002"]
[BlackElo "2014"]
[PlyCount "99"]
[EventDate "2010.??.??"]

1. e4 c6 2. d4 d5 3. exd5 cxd5 4. c4 Nf6 5. Nc3 e6 6. Nf3 Nc6 7. Bg5 Be7 8. Be2
Ne4 9. Bxe7 Nxc3 10. Bxd8 Nxd1 11. Rxd1 Nxd8 12. cxd5 exd5 13. Kd2 f6 14. Rhe1
Kf7 15. Rc1 Nc6 16. Bb5 Bd7 17. Re3 Rhe8 18. Rce1 Rxe3 19. Rxe3 Rd8 20. Bxc6
Bxc6 21. Ne1 Re8 22. Nd3 Re4 23. Kc3 Rxe3 24. fxe3 b6 25. Kd2 g5 26. Ke1 h5 27.
Kf2 Bb5 28. Nb4 Ke6 29. a3 a5 30. Na2 Bc4 31. Nc3 Bb3 32. Kf3 Bc2 33. Ke2 h4
34. Kf3 Bg6 35. Kg4 Be8 36. g3 hxg3 37. hxg3 Bd7 38. Kf3 f5 39. Kf2 Be8 40. Kf3
Bh5+ 41. Kf2 Kd6 42. Kg2 Kc6 43. Kf2 b5 44. b4 axb4 45. axb4 Bg4 46. Nb1 Bd1
47. Nd2 g4 48. Nb1 Bc2 49. Nc3 Be4 50. Ne2 1/2-1/2

[Event "XI Miedzynarodowy Festiwal Szachowy KOLO"]
[Site "KOLOBRZEG - Gimnazjum nr 3 - u"]
[Date "2010.??.??"]
[Round "8.1"]
[White "Walczak, Krystian"]
[Black "Grabarczyk, Bogdan"]
[Result "0-1"]
[WhiteElo "1963"]
[BlackElo "2450"]
[PlyCount "50"]
[EventDate "2010.??.??"]

1. e4 c5 2. Nf3 e6 3. d4 cxd4 4. Nxd4 a6 5. Bd3 Nf6 6. O-O d6 7. Nc3 Nbd7 8. f4
b5 9. a3 Bb7 10. Be3 g6 11. Qf3 Bg7 12. Qg3 Nc5 13. f5 e5 14. fxg6 hxg6 15. Nf5
gxf5 16. Qxg7 Rg8 17. Qh6 f4 18. Bxc5 dxc5 19. Rad1 Qb6 20. Be2 b4 21. Nb1 Bxe4
22. Bf3 c4+ 23. Kh1 Ke7 24. h3 Bxf3 25. Rxf3 Rh8 0-1

[Event "XI Miedzynarodowy Festiwal Szachowy KOLO"]
[Site "KOLOBRZEG - Gimnazjum nr 3 - u"]
[Date "2010.??.??"]
[Round "8.2"]
[White "Chmiel, Dominika"]
[Black "Zielinski, Wojciech"]
[Result "0-1"]
[WhiteElo "2170"]
[BlackElo "2008"]
[PlyCount "62"]
[EventDate "2010.??.??"]

1. e4 e6 2. d4 d5 3. Nd2 Nf6 4. e5 Nfd7 5. f4 c5 6. c3 Nc6 7. Ndf3 Qb6 8. h4
cxd4 9. cxd4 Bb4+ 10. Kf2 f6 11. Kg3 O-O 12. Kh3 Be7 13. Bd3 fxe5 14. fxe5 Kh8
15. Bb1 Nf6 16. exf6 e5+ 17. Kh2 Bxf6 18. Nh3 e4 19. Nfg5 Nxd4 20. Qh5 Bxg5 21.
hxg5 Qc7+ 22. g3 Bxh3 23. Kxh3 Rf3 24. Qh4 Ne2 25. Kg2 Rxg3+ 26. Kf2 Rf8+ 27.
Kxe2 Qc4+ 28. Bd3 exd3+ 29. Ke1 Rg1+ 30. Kd2 Qc2+ 31. Ke3 Re8+ 0-1

[Event "XI Miedzynarodowy Festiwal Szachowy KOLO"]
[Site "KOLOBRZEG - Gimnazjum nr 3 - u"]
[Date "2010.??.??"]
[Round "8.3"]
[White "Kukawski, Maciej"]
[Black "Krainski, Slawomir"]
[Result "1/2-1/2"]
[WhiteElo "2327"]
[BlackElo "2120"]
[PlyCount "86"]
[EventDate "2010.??.??"]

1. e4 c5 2. c3 d5 3. exd5 Qxd5 4. d4 cxd4 5. cxd4 Nc6 6. Nf3 e5 7. Nc3 Bb4 8.
Be2 Nxd4 9. Bd2 Bxc3 10. Bxc3 Nxf3+ 11. Bxf3 Qxd1+ 12. Rxd1 f6 13. Ba5 Be6 14.
Bxb7 Rb8 15. Bc6+ Kf7 16. b3 Ne7 17. Be4 Rb5 18. Bd2 Bf5 19. Bxf5 Nxf5 20. Rc1
Rd8 21. Rc7+ Ke8 22. Bc3 Rbd5 23. Ke2 R8d7 24. Rxd7 Kxd7 25. Rd1 Rxd1 26. Kxd1
h5 27. Ke2 Ke6 28. f3 Ne7 29. Bd2 Kd5 30. g4 g6 31. Be3 a6 32. gxh5 gxh5 33.
Kf2 f5 34. Bg5 Ng6 35. Ke3 f4+ 36. Kd3 Nf8 37. Bh4 Ne6 38. Bf2 Ng5 39. Ke2 e4
40. fxe4+ Kxe4 41. b4 Nf3 42. h4 Ne5 43. a4 Kf5 1/2-1/2

[Event "XI Miedzynarodowy Festiwal Szachowy KOLO"]
[Site "KOLOBRZEG - Gimnazjum nr 3 - u"]
[Date "2010.??.??"]
[Round "8.4"]
[White "Zielinski, Stanislaw"]
[Black "Zielinski, Maciej"]
[Result "0-1"]
[WhiteElo "2138"]
[BlackElo "1973"]
[PlyCount "57"]
[EventDate "2010.??.??"]

1. e4 e5 2. Nf3 Nc6 3. Bc4 Bc5 4. c3 Nf6 5. d3 d6 6. Nbd2 O-O 7. Bb3 a6 8. O-O
Ba7 9. Re1 Ng4 10. Re2 Kh8 11. h3 Nh6 12. Nf1 f5 13. Bxh6 gxh6 14. d4 fxe4 15.
Rxe4 Bf5 16. Re1 exd4 17. cxd4 Qf6 18. Ne3 Bxh3 19. Bd5 Nxd4 20. Nxd4 Bxd4 21.
Bf3 Rg8 22. Kf1 Be6 23. Rc1 c5 24. Nc2 Bc4+ 25. Kg1 Bxb2 26. Rb1 Bxa2 27. Rxb2
Qxb2 28. Ne3 Qd4 29. Qe2 0-1

[Event "XI Miedzynarodowy Festiwal Szachowy KOLO"]
[Site "KOLOBRZEG - Gimnazjum nr 3 - u"]
[Date "2010.??.??"]
[Round "8.5"]
[White "Kobus, Sebastian"]
[Black "Aly, Adel Mohamed"]
[Result "0-1"]
[WhiteElo "2080"]
[BlackElo "2132"]
[PlyCount "96"]
[EventDate "2010.??.??"]

1. e4 g6 2. d4 Bg7 3. Nf3 c6 4. Bd3 d6 5. O-O Nd7 6. Bg5 Ngf6 7. Re1 e5 8. dxe5
dxe5 9. Nbd2 h6 10. Bh4 O-O 11. Nc4 Qe7 12. Bf1 g5 13. Bg3 Nh5 14. Nfxe5 Nxg3
15. Nxd7 Bxd7 16. hxg3 b5 17. Nd2 Bxb2 18. Rb1 Bg7 19. Bd3 Be6 20. e5 Bxa2 21.
Ra1 Be6 22. f4 Rfd8 23. Qf3 gxf4 24. gxf4 Qd7 25. Rf1 f5 26. exf6 Bxf6 27. Rad1
Bd4+ 28. Kh1 Bg4 29. Qg3 Qg7 30. Rb1 a5 31. Nf3 h5 32. Be4 Rd6 33. c4 Re6 34.
Rxb5 Rxe4 35. Rg5 Qxg5 36. fxg5 Rae8 37. Re1 Rxe1+ 38. Nxe1 a4 39. Nf3 Bxf3 40.
Qxf3 a3 41. Qxa3 Re1+ 42. Kh2 Bg1+ 43. Kg3 Re3+ 44. Qxe3 Bxe3 45. Kh4 Kg7 46.
Kxh5 c5 47. Kg4 Kg6 48. Kf3 Bxg5 0-1

[Event "XI Miedzynarodowy Festiwal Szachowy KOLO"]
[Site "KOLOBRZEG - Gimnazjum nr 3 - u"]
[Date "2010.??.??"]
[Round "8.6"]
[White "Kuznicki, Cyprian"]
[Black "Chmiel, Piotr"]
[Result "0-1"]
[WhiteElo "2014"]
[BlackElo "1944"]
[PlyCount "50"]
[EventDate "2010.??.??"]

1. d4 d5 2. Nf3 Nf6 3. Nbd2 c6 4. Ne5 Bf5 5. e3 Nfd7 6. f4 Nxe5 7. fxe5 e6 8.
Nf3 Be7 9. Bd3 Bg4 10. O-O O-O 11. Qe1 Nd7 12. Qg3 Bf5 13. Bxf5 exf5 14. e4
dxe4 15. Bh6 g6 16. Bxf8 Nxf8 17. c3 exf3 18. Qxf3 Ne6 19. g4 f4 20. Rad1 Qb6
21. Rf2 Rd8 22. Kg2 Rd5 23. Rh1 Qd8 24. Re2 c5 25. dxc5 Rd3 0-1

[Event "XI Miedzynarodowy Festiwal Szachowy KOLO"]
[Site "KOLOBRZEG - Gimnazjum nr 3 - u"]
[Date "2010.??.??"]
[Round "8.7"]
[White "Pilat, Wieslaw"]
[Black "Jewulski, Krzysztof"]
[Result "1-0"]
[WhiteElo "2004"]
[BlackElo "2002"]
[PlyCount "113"]
[EventDate "2010.??.??"]

1. e4 e5 2. Nf3 Nf6 3. Nc3 Nc6 4. d4 exd4 5. Nxd4 Bc5 6. Be3 Nxd4 7. Bxd4 Qe7
8. Be2 Bxd4 9. Qxd4 d6 10. O-O-O O-O 11. Rhe1 Qe5 12. Qxe5 dxe5 13. Bc4 Bd7 14.
Rd2 Bc6 15. Nd5 Rfd8 16. Ne7+ Kf8 17. Rxd8+ Rxd8 18. Nxc6 bxc6 19. f3 Rd4 20.
b3 Ke7 21. Re3 Nd7 22. Rc3 Nf8 23. Ba6 Kd6 24. Re3 Kd7 25. c3 Rd6 26. Kc2 Ne6
27. Bc4 f6 28. Re1 Nf4 29. Bf1 Ne6 30. g3 Ng5 31. Be2 Ne6 32. b4 c5 33. b5 c6
34. a4 cxb5 35. axb5 Kc7 36. Bc4 Kb6 37. Bxe6 Rxe6 38. Ra1 Re7 39. c4 Rd7 40.
Ra6+ Kb7 41. Rc6 Rc7 42. Rd6 Kc8 43. Kb3 Rd7 44. Rd5 Rc7 45. Ka4 Kb7 46. Ka5
Kb8 47. f4 exf4 48. gxf4 Kb7 49. e5 fxe5 50. fxe5 Rc8 51. Rd7+ Rc7 52. Rxc7+
Kxc7 53. Ka6 Kb8 54. e6 Kc7 55. Kxa7 Kd6 56. b6 Kxe6 57. b7 1-0

[Event "XI Miedzynarodowy Festiwal Szachowy KOLO"]
[Site "KOLOBRZEG - Gimnazjum nr 3 - u"]
[Date "2010.??.??"]
[Round "8.8"]
[White "Lada, Damian"]
[Black "Kramer, Norbert"]
[Result "0-1"]
[WhiteElo "1594"]
[BlackElo "1812"]
[PlyCount "94"]
[EventDate "2010.??.??"]

1. e4 d5 2. exd5 Nf6 3. c4 e6 4. dxe6 Bxe6 5. d4 Bb4+ 6. Bd2 Qe7 7. Qe2 O-O 8.
d5 Bg4 9. Qxe7 Bxe7 10. Be2 Re8 11. f3 Bf5 12. Nc3 c6 13. O-O-O cxd5 14. Nxd5
Nxd5 15. cxd5 Rc8+ 16. Bc3 Bg5+ 17. Rd2 Nd7 18. g4 Bg6 19. h4 Bxd2+ 20. Kxd2 h5
21. Bd3 Bxd3 22. Kxd3 hxg4 23. fxg4 Rc5 24. Kd4 Rac8 25. Nf3 Rc4+ 26. Kd3 Rxg4
27. Rd1 Nc5+ 28. Ke2 Re8+ 29. Kf2 Ne4+ 30. Kf1 Nxc3 31. bxc3 Rc4 32. Rd3 Rec8
33. Ke2 Kf8 34. Kd2 Ke8 35. d6 Kd8 36. Ne5 Rf4 37. Ke3 Rf1 38. Kd4 b6 39. a4
Rc5 40. a5 Rf4+ 41. Ke3 Rf5 42. Nf3 Rxa5 43. Nd4 Rae5+ 44. Kd2 Rf2+ 45. Kd1 Rc5
46. Nb3 Rc4 47. Nd2 Rxh4 0-1

[Event "XI Miedzynarodowy Festiwal Szachowy KOLO"]
[Site "KOLOBRZEG - Gimnazjum nr 3 - u"]
[Date "2010.??.??"]
[Round "9.1"]
[White "Grabarczyk, Bogdan"]
[Black "Pilat, Wieslaw"]
[Result "1-0"]
[WhiteElo "2450"]
[BlackElo "2004"]
[PlyCount "95"]
[EventDate "2010.??.??"]

1. e4 e6 2. d4 d5 3. e5 c5 4. c3 Nc6 5. Nf3 Bd7 6. Be2 cxd4 7. cxd4 Nge7 8. Na3
a6 9. Nc2 Ng6 10. h4 Nb4 11. Na3 Be7 12. g3 h6 13. O-O Rc8 14. Bd2 b5 15. Qb3
Nc6 16. h5 Nf8 17. Nc2 Qb6 18. a4 b4 19. Qd3 a5 20. Ne3 Nh7 21. Ng4 Ng5 22. Be3
Ra8 23. Nxg5 hxg5 24. Rad1 Bc8 25. Qd2 Qd8 26. Rc1 Bd7 27. f4 gxf4 28. Rxf4 Bg5
29. Rf2 Bxe3 30. Qxe3 Ne7 31. Qg5 Nf5 32. Rxf5 exf5 33. Qxg7 fxg4 34. Qxh8+ Ke7
35. Qf6+ Ke8 36. h6 Qxf6 37. exf6 Bf5 38. Rc7 Kf8 39. Bxg4 Bg6 40. Bf3 Rd8 41.
Kf2 Kg8 42. g4 Bd3 43. g5 Bg6 44. Kg3 Kh7 45. Kf4 Kg8 46. Bg4 Kh7 47. Bf5 Re8
48. Rxf7+ 1-0

[Event "XI Miedzynarodowy Festiwal Szachowy KOLO"]
[Site "KOLOBRZEG - Gimnazjum nr 3 - u"]
[Date "2010.??.??"]
[Round "9.2"]
[White "Zielinski, Maciej"]
[Black "Chmiel, Dominika"]
[Result "1-0"]
[WhiteElo "1973"]
[BlackElo "2170"]
[PlyCount "77"]
[EventDate "2010.??.??"]

1. e4 e5 2. Nf3 Nc6 3. Bb5 a6 4. Bxc6 dxc6 5. O-O Bg4 6. h3 h5 7. d3 Qf6 8.
Nbd2 Ne7 9. Re1 Ng6 10. d4 exd4 11. e5 Qf5 12. hxg4 hxg4 13. Nh2 Rxh2 14. Kxh2
O-O-O 15. Kg1 Bb4 16. Re4 Nxe5 17. Rxe5 Qxe5 18. Qxg4+ f5 19. Nf3 Qe6 20. Qxg7
Bd6 21. Bg5 Rg8 22. Qf6 Qd5 23. Re1 b5 24. Qe6+ Qxe6 25. Rxe6 Kd7 26. Re1 c5
27. Bf6 Kc6 28. Be5 Bf8 29. Bf4 Rg7 30. Bh6 Rg8 31. Re8 Bxh6 32. Rxg8 Bc1 33.
b3 a5 34. Kf1 Bb2 35. Ke2 c4 36. bxc4 bxc4 37. Rf8 Kc5 38. Rb8 Bc3 39. Nh4 1-0

[Event "XI Miedzynarodowy Festiwal Szachowy KOLO"]
[Site "KOLOBRZEG - Gimnazjum nr 3 - u"]
[Date "2010.??.??"]
[Round "9.3"]
[White "Krainski, Slawomir"]
[Black "Zielinski, Wojciech"]
[Result "1/2-1/2"]
[WhiteElo "2120"]
[BlackElo "2008"]
[PlyCount "30"]
[EventDate "2010.??.??"]

1. e4 e6 2. d4 d5 3. e5 c5 4. c3 Nc6 5. Nf3 f6 6. Bb5 Bd7 7. O-O Qb6 8. Bxc6
bxc6 9. exf6 gxf6 10. Ne5 fxe5 11. Qh5+ Ke7 12. Qg5+ Kf7 13. Qh5+ Ke7 14. Qg5+
Kf7 15. Qh5+ Ke7 1/2-1/2

[Event "XI Miedzynarodowy Festiwal Szachowy KOLO"]
[Site "KOLOBRZEG - Gimnazjum nr 3 - u"]
[Date "2010.??.??"]
[Round "9.4"]
[White "Bukowska, Katarzyna"]
[Black "Kukawski, Maciej"]
[Result "0-1"]
[WhiteElo "2002"]
[BlackElo "2327"]
[PlyCount "84"]
[EventDate "2010.??.??"]

1. e4 c5 2. Nf3 e6 3. d4 cxd4 4. Nxd4 Nf6 5. Nc3 d6 6. Be2 a6 7. O-O b5 8. a3
Bb7 9. Bd3 Nbd7 10. Kh1 Nc5 11. Qe1 Be7 12. f4 O-O 13. b4 Nxd3 14. cxd3 Qd7 15.
Bb2 Ne8 16. Nd1 Bf6 17. Ne3 g6 18. Ng4 Bg7 19. Qg3 f5 20. Nf2 Nf6 21. Nh3 e5
22. fxe5 dxe5 23. Nxf5 gxf5 24. Rxf5 Rad8 25. Rg5 Rf7 26. Qxe5 Ne8 27. Rd1 Re7
28. Qg3 Bxe4 29. Bxg7 Rxg7 30. Re1 Qxd3 31. Rxg7+ Nxg7 32. Qh4 Bc6 33. Nf4 Qd2
34. Qg3 Rf8 35. Ne6 Qxg2+ 36. Qxg2 Bxg2+ 37. Kxg2 Re8 38. Nxg7 Rxe1 39. Nh5 Ra1
40. Nf6+ Kg7 41. Nd7 Rxa3 42. Nc5 a5 0-1

[Event "XI Miedzynarodowy Festiwal Szachowy KOLO"]
[Site "KOLOBRZEG - Gimnazjum nr 3 - u"]
[Date "2010.??.??"]
[Round "9.5"]
[White "Aly, Adel Mohamed"]
[Black "Walczak, Krystian"]
[Result "1-0"]
[WhiteElo "2132"]
[BlackElo "1963"]
[PlyCount "93"]
[EventDate "2010.??.??"]

1. g3 g6 2. Bg2 Bg7 3. e4 c5 4. d3 d6 5. f4 e6 6. Nf3 Ne7 7. O-O O-O 8. a4 Nbc6
9. c3 a6 10. Be3 Rb8 11. Na3 b5 12. axb5 axb5 13. d4 c4 14. b4 cxb3 15. Qxb3 b4
16. cxb4 Rxb4 17. Qd3 f5 18. Nc2 Rb2 19. Qc3 Qb6 20. Nd2 d5 21. Rfb1 Rxb1+ 22.
Rxb1 Qa7 23. e5 Bd7 24. Ra1 Qb6 25. Nb3 Rb8 26. Nc5 Bc8 27. Bf1 Bf8 28. Na3 Qb2
29. Qxb2 Rxb2 30. Nb5 Nb4 31. Ra8 Ra2 32. Rxa2 Nxa2 33. Nd6 Nc3 34. Bd3 Ne4 35.
Bxe4 fxe4 36. Kf2 h5 37. h3 Kh7 38. g4 Bh6 39. Ke2 Kg8 40. Kd2 Nc6 41. Nxc8 Kf7
42. Nd6+ Ke7 43. f5 Bxe3+ 44. Kxe3 exf5 45. gxf5 gxf5 46. Nxf5+ Kf7 47. Nb7 1-0

[Event "XI Miedzynarodowy Festiwal Szachowy KOLO"]
[Site "KOLOBRZEG - Gimnazjum nr 3 - u"]
[Date "2010.??.??"]
[Round "9.6"]
[White "Kuznicki, Cyprian"]
[Black "Zielinski, Stanislaw"]
[Result "0-1"]
[WhiteElo "2014"]
[BlackElo "2138"]
[PlyCount "82"]
[EventDate "2010.??.??"]

1. d4 Nf6 2. Nd2 d5 3. e3 g6 4. Bd3 Bg7 5. Ngf3 O-O 6. c3 c6 7. e4 dxe4 8. Nxe4
Nbd7 9. O-O Nxe4 10. Bxe4 e5 11. Nxe5 Nxe5 12. dxe5 Bxe5 13. Qxd8 Rxd8 14. Be3
Be6 15. g3 a5 16. Bc2 a4 17. a3 b5 18. Rad1 Bb3 19. Rxd8+ Rxd8 20. Bxb3 axb3
21. Rc1 f5 22. Kf1 Kf7 23. Ke2 Ke6 24. Rd1 Rxd1 25. Kxd1 Kd5 26. f3 Kc4 27. Kd2
c5 28. Bf4 Bf6 29. Bd6 Bg7 30. Be7 Bh6+ 31. f4 Bg7 32. Bd8 b4 33. Ba5 bxa3 34.
bxa3 Bf6 35. a4 Bg7 36. Kc1 Bxc3 37. Bxc3 Kxc3 38. a5 b2+ 39. Kb1 Kb3 40. a6 c4
41. a7 c3 0-1

[Event "XI Miedzynarodowy Festiwal Szachowy KOLO"]
[Site "KOLOBRZEG - Gimnazjum nr 3 - u"]
[Date "2010.??.??"]
[Round "9.7"]
[White "Chmiel, Piotr"]
[Black "Lada, Damian"]
[Result "1-0"]
[WhiteElo "1944"]
[BlackElo "1594"]
[PlyCount "65"]
[EventDate "2010.??.??"]

1. e4 c6 2. d4 d5 3. exd5 cxd5 4. c4 e6 5. Nc3 Nf6 6. Nf3 Nc6 7. Bg5 Be7 8. Be2
O-O 9. O-O h6 10. Bh4 a6 11. c5 Ne4 12. Bxe7 Qxe7 13. Na4 Bd7 14. Re1 f5 15.
Nb6 Rad8 16. a3 Qf6 17. Bd3 Nxd4 18. Bxe4 dxe4 19. Qxd4 exf3 20. Qxf6 Rxf6 21.
Rad1 Rf7 22. Rd6 Kf8 23. b4 Ke8 24. Red1 fxg2 25. a4 e5 26. b5 axb5 27. axb5
Rf6 28. Rxd7 Rxd7 29. Nxd7 Re6 30. Nb6 e4 31. Nc4 Ke7 32. c6 bxc6 33. b6 1-0

[Event "XI Miedzynarodowy Festiwal Szachowy KOLO"]
[Site "KOLOBRZEG - Gimnazjum nr 3 - u"]
[Date "2010.??.??"]
[Round "9.8"]
[White "Jewulski, Krzysztof"]
[Black "Kramer, Norbert"]
[Result "1-0"]
[WhiteElo "2002"]
[BlackElo "1812"]
[PlyCount "63"]
[EventDate "2010.??.??"]

1. e4 d5 2. exd5 Nf6 3. Nc3 Nxd5 4. Bc4 Nxc3 5. bxc3 e6 6. Nf3 Bd6 7. O-O O-O
8. a4 a5 9. Ba3 Bxa3 10. Rxa3 Qd6 11. Rb3 Nd7 12. d4 Nb6 13. Bd3 h6 14. Ne5 Nd7
15. Nc4 Qf4 16. g3 Qf6 17. Be4 Ra7 18. Qh5 Qg5 19. Qf3 b6 20. Na3 Ba6 21. c4 e5
22. h4 Qe7 23. Re1 Qd6 24. Nb5 Bxb5 25. Rxb5 exd4 26. Rd5 Qb4 27. c3 Qxa4 28.
Rxd4 Nf6 29. Bb1 Qa3 30. Rf4 Rd8 31. Rxf6 gxf6 32. Qf5 1-0